000 01260nam a2200325 i 4500
001 175734
003 ES-MaACL
005 20240508112613.0
008 101118s1980 sp a |||| | spa d
020 _a84-300-3574-5
080 _a821.134.2-14"19"
100 1 _aRuiz de Torres, Juan,
_d1931-2014
_9155342
245 1 0 _aPoesía para sobrevivir /
_cJuan Ruiz de Torres ; [dibujos, Piedad Guillén].
250 _a1ª ed.
260 _aMadrid :
_bTaller Prometeo de Poesía Nueva,
_c1980.
300 _a68 p. :
_bil. ;
_c17 cm.
490 1 _aPoesía nueva ;
_v1
501 _aCon: "Mini antología número uno". - Madrid, enero de 1981. - [1] h. pleg. ; 43 cm pleg. en 15 cm (sign.: 2265-F-8)
594 _aEn pr.: "... Luis Jiménez Martos presenta el libro... en el Ateneo de Madrid."
598 _aCoordinadora de publicaciones: Elvira Levy.
700 1 _aGuillén, Piedad.
_9144022
700 1 _aLevy, Elvira.
_971998
710 2 _aTaller Prometeo de Poesía Nueva (Madrid)
_96907
740 0 2 _aMini antología número uno.
830 0 _aColección "Poesía nueva" (Asociación Prometeo de Poesía) ;
_v1
_9181808
852 _aES-MaACL
_j2265-F-8
852 _aES-MaACL
_j2266-F-3
942 _2udc
999 _c175734
_d175734